Statistics for Quick! Select all the Luxembourgs! - 15 Second Sprint

Click here to take the quiz!

General Stats

  • This quiz has been taken 25 times
  • The average score is 22 of 25

Answer Stats

Question Tile Select? % Correct
that say "Luxembourg"Luxembourg
100%
that say "Luxembourg"Luxembourg
100%
that say "Luxembourg"Luxemburg
93%
that say "Luxembourg"Luxemburg
93%
that say "Luxembourg"Luxemburg
93%
that say "Luxembourg"Luxemburg
93%
that say "Luxembourg"Luxemburg
93%
that say "Luxembourg"Luxemburg
93%
that say "Luxembourg"Luxemburg
93%
that say "Luxembourg"Luxemburg
93%
that say "Luxembourg"Luxemburg
93%
that say "Luxembourg"Luxembourg
93%
that say "Luxembourg"Luxemburg
87%
that say "Luxembourg"Luxembourg
87%
that say "Luxembourg"Luxembourg
87%
that say "Luxembourg"Luxembourg
87%
that say "Luxembourg"Luxembourg
87%
that say "Luxembourg"Luxembourg
80%
that say "Luxembourg"Luxembourg
80%
that say "Luxembourg"Luxembourg
80%
that say "Luxembourg"Luxembourg
80%
that say "Luxembourg"Luxembourg
80%
that say "Luxembourg"Luxembourg
73%
that say "Luxembourg"Luxembourg
73%
that say "Luxembourg"Luxembourg
73%

Score Distribution

Percentile by Number Answered

Percent of People with Each Score

Your Score History

You have not taken this quiz